[Event "Commonwealth Open 2019"]
[Site "Delhi"]
[Date "2019.07.01"]
[Round "3.14"]
[White "Kumar, Gaurav"]
[Black "Tania, Sachdev"]
[Result "0-1"]
[WhiteElo "2110"]
[BlackElo "2401"]
[Annotator "NA"]
[PlyCount "126"]
[EventDate "2019.06.30"]
[EventType "swiss"]
[EventCountry "IND"]
[SourceTitle "playchess.com"]
[Source "ChessBase"]
[SourceQuality "1"]
[TimeControl "5400+30"]

1. e4 {[%emt 0:00:00]} e5 {[%emt 0:00:26]} 2. Nf3 {[%emt 0:00:00]} Nc6 {[%emt 0:00:02]} 3. d4 {[%emt 0:00:24]} exd4 {[%emt 0:00:33]} 4. Nxd4 {[%emt 0:00:03]} Nf6 {[%emt 0:00:05]} 5. Nxc6 {[%emt 0:00:06]} bxc6 {[%emt 0:00:02]} 6. e5 {[%emt 0:00:07]} Qe7 {[%emt 0:00:04]} 7. Qe2 {[%emt 0:00:05]} Nd5 {[%emt 0:00:03]} 8. c4 {[%emt 0:00:05]} Ba6 {[%emt 0:00:21]} 9. Nd2 {[%emt 0:00:03]} O-O-O {[%emt 0:00:44]} 10. Qe4 {[%emt 0:08:16]} Nb6 {[%emt 0:01:55] C45: Scotch Game} 11. c5 {[%emt 0:03:49]} Bxf1 {[%emt 0:00:05]} 12. cxb6 {[%emt 0:00:08]} Ba6 {[%emt 0:00:07]} 13. bxc7 {[%emt 0:12:01]} (13. bxa7 Kb7 14. Nb3 f6 15. Be3 Qb4+ 16. Qxb4+ Bxb4+ 17. Kd1 fxe5 18. a3 {0-1 (38) Plat,V (2458)-Zilka,S (2508) Olomouc 2015}) 13... Kxc7 $146 {[%emt 0:08:47]} ({Predecessor:} 13... Re8 14. f4 Qb4 15. Qxb4 Bxb4 16. a3 Ba5 17. Kf2 f6 18. Ne4 Bxc7 19. Nc5 Bc4 20. exf6 Bb6 21. Be3 d6 22. fxg7 Rhg8 23. Rac1 Bd5 {0-1 (23) Moyano Morales,F-Fernandez Aguado,J Barcelona 1984}) 14. Nf3 {[%emt 0:05:24]} Rb8 {[%emt 0:04:10]} 15. Qd4 {[%emt 0:06:25]} Qb4+ {[%emt 0:03:35]} 16. Qxb4 {[%emt 0:05:19]} Bxb4+ {[%emt 0:00:05]} 17. Kd1 {[%emt 0:00:06]} Bc5 {[%emt 0:02:55]} 18. Kc2 {[%emt 0:06:49]} Bxf2 {[%emt 0:01:22]} 19. Bf4 {[%emt 0:01:00]} (19. Rd1 $17) 19... Rb4 {[%emt 0:02:07]} 20. Bd2 {[%emt 0:00:33]} Rg4 {[%emt 0:03:35]} 21. g3 $19 {[%emt 0:00:41]} Re4 {[%emt 0:17:26]} 22. Bf4 {[%emt 0:04:37]} Re2+ {[%emt 0:12:31]} 23. Kc3 {[%emt 0:02:56]} Kd8 {[%emt 0:01:22]} 24. Rad1 {[%emt 0:02:13]} c5 {[%emt 0:04:32]} 25. Rd2 {[%emt 0:03:50]} Rxd2 {[%emt 0:00:48]} 26. Kxd2 {[%emt 0:01:01]} Ke7 {[%emt 0:07:03]} 27. Be3 {[%emt 0:08:05]} Rb8 {[%emt 0:01:19]} 28. b3 {[%emt 0:00:55]} Bxe3+ {[%emt 0:00:25]} 29. Kxe3 {[%emt 0:00:02]} Bb7 {[%emt 0:04:42]} 30. Rc1 {[%emt 0:00:13]} Bxf3 {[%emt 0:00:37]} 31. Kxf3 {[%emt 0:00:03]} Rb5 {[%emt 0:00:15]} 32. Rc3 {[%emt 0:11:01]} Ke6 {[%emt 0:02:50]} 33. a4 {[%emt 0:00:42]} Rb4 {[%emt 0:01:30]} 34. Rxc5 {[%emt 0:00:33]} Rxb3+ {[%emt 0:00:04]} 35. Kg2 {[%emt 0:00:10]} Rb2+ {[%emt 0:03:20]} 36. Kg1 {[%emt 0:02:49]} Rd2 {[%emt 0:09:09]} 37. Ra5 {[%emt 0:00:31]} g5 {[%emt 0:01:28]} 38. Rxa7 {[%emt 0:05:06]} Kxe5 {[%emt 0:00:04]} 39. Ra5+ {[%emt 0:00:06]} Rd5 {[%emt 0:03:17]} 40. Ra8 {[%emt 0:05:00]} Ke4 {[%emt 0:00:38]} 41. Rb8 Rd1+ {[%emt 0:00:40]} 42. Kf2 {[%emt 0:03:18]} Rd2+ {[%emt 0:00:04]} 43. Kg1 {[%emt 0:00:03]} d5 {[%emt 0:00:14]} 44. Rb1 {[%emt 0:01:09]} d4 {[%emt 0:03:36]} 45. Re1+ {[%emt 0:02:47]} Kd5 {[%emt 0:02:12]} 46. Rf1 {[%emt 0:00:17]} Ra2 {[%emt 0:00:35]} 47. Rxf7 {[%emt 0:00:25]} d3 {[%emt 0:00:20]} 48. Kf1 {[%emt 0:01:29]} Rxh2 {[%emt 0:01:11]} 49. Ke1 {[%emt 0:00:10]} Ke4 {[%emt 0:00:15]} 50. Re7+ {[%emt 0:01:22]} Kf3 {[%emt 0:00:13]} 51. Rd7 {[%emt 0:00:06]} Ke3 {[%emt 0:00:07]} 52. Re7+ {[%emt 0:00:05]} Kf3 {[%emt 0:00:03]} 53. Rd7 {[%emt 0:00:05]} d2+ {[%emt 0:01:26]} 54. Kd1 {[%emt 0:00:12]} Kxg3 {[%emt 0:00:42]} 55. Rxd2 {[%emt 0:04:34]} Rh1+ {[%emt 0:00:03]} 56. Kc2 {[%emt 0:00:33]} h5 {[%emt 0:00:25]} 57. Kb2 {[%emt 0:00:35]} h4 {[%emt 0:00:45]} 58. a5 {[%emt 0:00:11]} h3 {[%emt 0:01:04]} 59. a6 {[%emt 0:00:22]} h2 {[%emt 0:00:33]} 60. Rd3+ {[%emt 0:00:39]} Kg4 {[%emt 0:00:08]} 61. Rd4+ {[%emt 0:00:43]} Kh5 {[%emt 0:00:31]} 62. Rd8 {[%emt 0:00:01]} Rb1+ {[%emt 0:00:09]} 63. Ka2 {[%emt 0:00:04]} h1=Q {[%emt 0:00:28]} 0-1

[Event "Commonwealth Open 2019"]
[Site "Delhi"]
[Date "2019.07.01"]
[Round "3.15"]
[White "Narayanan.S.L"]
[Black "Parthasarathy, R."]
[Result "1-0"]
[WhiteElo "2603"]
[BlackElo "1988"]
[Annotator "ChessBase"]
[PlyCount "81"]
[EventDate "2019.06.30"]
[EventType "swiss"]
[EventCountry "IND"]
[SourceTitle "playchess.com"]
[Source "ChessBase"]
[SourceQuality "1"]
[TimeControl "5400+30"]

1. d4 {[%emt 0:00:00]} Nf6 {[%emt 0:02:01]} 2. c4 {[%emt 0:00:00]} g6 {[%emt 0:00:06]} 3. Nc3 {[%emt 0:00:00]} Bg7 {[%emt 0:00:35]} 4. e4 {[%emt 0:00:00]} d6 {[%emt 0:00:20]} 5. h3 {[%emt 0:00:07]} O-O {[%emt 0:00:12]} 6. Be3 {[%emt 0:00:07]} e5 {[%emt 0:00:08]} 7. d5 {[%emt 0:00:06]} Na6 {[%emt 0:00:06]} 8. Nf3 {[%emt 0:00:06]} Nc5 {[%emt 0:06:52]} 9. Nd2 {[%emt 0:00:10]} a5 {[%emt 0:00:24]} 10. g4 {[%emt 0:01:25]} c6 {[%emt 0:00:50]} 11. Be2 {[%emt 0:00:19]} Bd7 {[%emt 0:04:12]} 12. g5 {[%emt 0:03:15]} Ne8 {[%emt 0:00:33]} 13. h4 {[%emt 0:00:11]} a4 {[%emt 0:07:03]} 14. h5 {[%emt 0:05:51]} Qa5 {[%emt 0:03:51]} 15. a3 {[%emt 0:00:37]} f5 {[%emt 0:16:14]} 16. hxg6 {[%emt 0:26:50]} hxg6 {[%emt 0:00:45]} 17. Qc2 {[%emt 0:01:51]} Nc7 {[%emt 0:02:44]} 18. Bxc5 {[%emt 0:04:44]} Qxc5 {[%emt 0:05:33]} 19. Nxa4 {[%emt 0:02:07]} Qd4 {[%emt 0:17:09]} 20. Nc3 {[%emt 0:03:32]} cxd5 {[%emt 0:09:22]} 21. cxd5 {[%emt 0:09:12]} Rac8 {[%emt 0:00:34]} 22. Qd3 {[%emt 0:03:46]} Qxf2+ {[%emt 0:04:53]} 23. Kxf2 {[%emt 0:00:07]} fxe4+ {[%emt 0:00:03]} 24. Ke3 {[%emt 0:01:21]} exd3 {[%emt 0:00:08]} 25. Bxd3 {[%emt 0:00:05]} e4 {[%emt 0:07:28]} 26. Ndxe4 {[%emt 0:00:14]} Rce8 {[%emt 0:00:20]} 27. Kd2 {[%emt 0:08:58]} Bxc3+ {[%emt 0:06:24]} 28. Kxc3 {[%emt 0:02:03]} Nxd5+ {[%emt 0:01:21]} 29. Kd4 {[%emt 0:00:30]} Re5 {[%emt 0:01:22]} 30. Rh6 {[%emt 0:04:01]} Ne7 {[%emt 0:02:16]} 31. Nf6+ {[%emt 0:00:59]} Rxf6 {[%emt 0:01:09]} 32. gxf6 {[%emt 0:00:05]} Nf5+ {[%emt 0:00:18]} 33. Bxf5 {[%emt 0:00:05]} Bxf5 {[%emt 0:00:04]} 34. b4 {[%emt 0:03:21]} b5 {[%emt 0:00:36]} 35. Rc1 {[%emt 0:00:33]} Kf7 {[%emt 0:01:03]} 36. Rc6 {[%emt 0:01:01]} Re4+ {[%emt 0:00:09]} 37. Kd5 {[%emt 0:00:37]} Kxf6 {[%emt 0:00:48]} 38. Rxd6+ {[%emt 0:00:05]} Kg5 {[%emt 0:00:27]} 39. Rdxg6+ {[%emt 0:00:22]} Kf4 {[%emt 0:00:35]} 40. Rh4+ {[%emt 0:00:28]} Ke3 {[%emt 0:00:06]} 41. Rg3+ {[%emt 0:00:05]} 1-0

[Event "Commonwealth Open 2019"]
[Site "Delhi"]
[Date "2019.07.01"]
[Round "3.16"]
[White "Arya, Bhakta"]
[Black "Deepan, Chakkravarthy J."]
[Result "0-1"]
[WhiteElo "2050"]
[BlackElo "2557"]
[Annotator "ChessBase"]
[PlyCount "80"]
[EventDate "2019.06.30"]
[EventType "swiss"]
[EventCountry "IND"]
[SourceTitle "playchess.com"]
[Source "ChessBase"]
[SourceQuality "1"]
[TimeControl "5400+30"]

1. d4 {[%emt 0:00:00]} d5 {[%emt 0:00:00]} 2. Bf4 {[%emt 0:00:00]} Nf6 {[%emt 0:00:34]} 3. e3 {[%emt 0:00:05]} Bg4 {[%emt 0:00:21]} 4. f3 {[%emt 0:00:37]} Bc8 {[%emt 0:01:48]} 5. c4 {[%emt 0:02:51]} e6 {[%emt 0:00:03]} 6. Nc3 {[%emt 0:00:43]} Be7 {[%emt 0:02:23]} 7. Bd3 {[%emt 0:04:27]} O-O {[%emt 0:00:09]} 8. Nge2 {[%emt 0:01:26]} c5 {[%emt 0:00:10]} 9. O-O {[%emt 0:09:15]} Nc6 {[%emt 0:00:05]} 10. cxd5 {[%emt 0:01:07]} exd5 {[%emt 0:00:13]} 11. Kh1 {[%emt 0:01:53]} Be6 {[%emt 0:01:03]} 12. dxc5 {[%emt 0:02:28]} Bxc5 {[%emt 0:00:03]} 13. Nb5 {[%emt 0:00:16]} Qe7 {[%emt 0:06:47]} 14. a3 {[%emt 0:07:53]} Nh5 {[%emt 0:06:33]} 15. b4 {[%emt 0:02:29]} Nxf4 {[%emt 0:01:28]} 16. exf4 {[%emt 0:06:16]} Bb6 {[%emt 0:00:08]} 17. f5 {[%emt 0:02:37]} Bd7 {[%emt 0:00:21]} 18. Ng3 {[%emt 0:02:39]} Rad8 {[%emt 0:01:51]} 19. f4 {[%emt 0:05:31]} Bc8 {[%emt 0:10:15]} 20. Qh5 {[%emt 0:06:54]} Qf6 {[%emt 0:00:53]} 21. Qg4 {[%emt 0:14:10]} Kh8 {[%emt 0:07:58]} 22. Nh5 {[%emt 0:11:08]} Qh6 {[%emt 0:00:02]} 23. Rf3 {[%emt 0:02:45]} a6 {[%emt 0:00:06]} 24. Nc3 {[%emt 0:05:54]} Bd4 {[%emt 0:00:07]} 25. Rc1 {[%emt 0:00:39]} g6 {[%emt 0:01:40]} 26. Rh3 {[%emt 0:04:52]} gxh5 {[%emt 0:02:01]} 27. Rxh5 {[%emt 0:00:07]} Qg7 {[%emt 0:00:04]} 28. Rg5 {[%emt 0:03:38]} Qf6 {[%emt 0:05:06]} 29. Ne2 {[%emt 0:01:06]} Rg8 {[%emt 0:00:18]} 30. Qh5 {[%emt 0:00:36]} Be3 {[%emt 0:00:57]} 31. Rg6 Rg7 32. Rxg7 {[%emt 0:01:03]} Rf8 33. Rg8+ Rxg8 {[%emt 0:01:04]} 34. Rf1 {[%emt 0:00:47]} Ne7 {[%emt 0:07:33]} 35. g4 {[%emt 0:00:38]} d4 {[%emt 0:00:08]} 36. Be4 {[%emt 0:00:36]} Bd7 {[%emt 0:00:04]} 37. g5 {[%emt 0:00:32]} Bc6 {[%emt 0:01:25]} 38. gxf6 {[%emt 0:00:30]} Bxe4+ {[%emt 0:00:05]} 39. Rf3 {[%emt 0:00:06]} Nd5 {[%emt 0:00:22]} 40. h3 {[%emt 0:00:41]} Nxf6 {[%emt 0:00:44]} 0-1

[Event "Commonwealth Open 2019"]
[Site "Delhi"]
[Date "2019.07.01"]
[Round "3.17"]
[White "Iniyan, P."]
[Black "Meenal, Gupta"]
[Result "1-0"]
[WhiteElo "2525"]
[BlackElo "1958"]
[Annotator "ChessBase"]
[PlyCount "53"]
[EventDate "2019.06.30"]
[EventType "swiss"]
[EventCountry "IND"]
[SourceTitle "playchess.com"]
[Source "ChessBase"]
[SourceQuality "1"]
[TimeControl "5400+30"]

1. e4 c5 {[%emt 0:00:00]} 2. Nf3 {[%emt 0:05:28]} d6 {[%emt 0:00:00]} 3. d4 {[%emt 0:00:02]} cxd4 {[%emt 0:00:00]} 4. Nxd4 {[%emt 0:00:04]} Nf6 {[%emt 0:00:00]} 5. Nc3 {[%emt 0:00:05]} a6 {[%emt 0:00:00]} 6. Nb3 {[%emt 0:00:05]} b5 {[%emt 0:07:51]} 7. g4 {[%emt 0:06:22]} Bb7 {[%emt 0:00:56]} 8. Bg2 {[%emt 0:00:06]} e6 {[%emt 0:00:30]} 9. g5 {[%emt 0:00:30]} Nfd7 {[%emt 0:10:47]} 10. f4 {[%emt 0:02:57]} Nc6 {[%emt 0:02:47]} 11. h4 {[%emt 0:03:06]} Rc8 {[%emt 0:05:21]} 12. a3 {[%emt 0:17:15]} Nc5 {[%emt 0:13:25]} 13. Nd4 {[%emt 0:10:20]} Qb6 {[%emt 0:01:33]} 14. Nxc6 {[%emt 0:03:08]} Bxc6 {[%emt 0:01:30]} 15. Qd4 {[%emt 0:04:38]} Na4 {[%emt 0:04:54]} 16. Qxb6 {[%emt 0:00:27]} Nxb6 {[%emt 0:00:03]} 17. b3 {[%emt 0:00:50]} f5 {[%emt 0:07:44]} 18. gxf6 {[%emt 0:03:58]} gxf6 {[%emt 0:00:02]} 19. Bh3 {[%emt 0:06:20]} Bb7 {[%emt 0:05:09]} 20. Bb2 {[%emt 0:01:19]} Ke7 {[%emt 0:00:23]} 21. O-O-O {[%emt 0:04:17]} Bh6 {[%emt 0:00:26]} 22. Rhf1 {[%emt 0:00:06]} Rhg8 {[%emt 0:00:59]} 23. Kb1 {[%emt 0:04:43]} Rxc3 {[%emt 0:08:41]} 24. Bxc3 {[%emt 0:00:57]} Bxe4 {[%emt 0:00:07]} 25. Bb4 {[%emt 0:00:47]} Nd5 {[%emt 0:00:16]} 26. Rfe1 {[%emt 0:00:04]} f5 {[%emt 0:06:27]} 27. Bxf5 {[%emt 0:01:58]} 1-0

[Event "Commonwealth Open 2019"]
[Site "Delhi"]
[Date "2019.07.01"]
[Round "3.18"]
[White "Anilkumar, O.T."]
[Black "Swayams, Mishra"]
[Result "0-1"]
[WhiteElo "1989"]
[BlackElo "2493"]
[Annotator "ChessBase"]
[PlyCount "126"]
[EventDate "2019.06.30"]
[EventType "swiss"]
[EventCountry "IND"]
[SourceTitle "playchess.com"]
[Source "ChessBase"]
[SourceQuality "1"]
[TimeControl "5400+30"]

1. e4 {[%emt 0:00:00]} e5 {[%emt 0:00:00]} 2. Nf3 {[%emt 0:00:00]} Nc6 {[%emt 0:00:00]} 3. Bc4 {[%emt 0:00:00]} Nf6 {[%emt 0:00:00]} 4. d3 {[%emt 0:00:00]} Be7 {[%emt 0:00:00]} 5. O-O {[%emt 0:00:03]} O-O {[%emt 0:00:00]} 6. c3 {[%emt 0:00:17]} d5 {[%emt 0:00:00]} 7. exd5 {[%emt 0:00:20]} Nxd5 {[%emt 0:00:00]} 8. h3 {[%emt 0:00:11]} Kh8 {[%emt 0:01:17]} 9. Re1 {[%emt 0:00:12]} f6 {[%emt 0:00:13]} 10. d4 {[%emt 0:00:41]} Nb6 {[%emt 0:00:39]} 11. Bb5 {[%emt 0:00:16]} exd4 {[%emt 0:01:34]} 12. cxd4 {[%emt 0:01:00]} Nb4 {[%emt 0:02:39]} 13. Nc3 {[%emt 0:04:59]} c6 {[%emt 0:01:32]} 14. Bf1 {[%emt 0:02:11]} Bf5 {[%emt 0:10:18]} 15. a3 {[%emt 0:04:28]} N4d5 {[%emt 0:02:10]} 16. Nh4 {[%emt 0:00:37]} Bd7 {[%emt 0:00:48]} 17. Bd3 {[%emt 0:00:11]} f5 {[%emt 0:01:32]} 18. Nf3 {[%emt 0:00:03]} Bf6 {[%emt 0:02:05]} 19. Ne5 {[%emt 0:00:54]} Bxe5 {[%emt 0:01:26]} 20. dxe5 {[%emt 0:00:50]} Be6 {[%emt 0:01:20]} 21. Ne2 {[%emt 0:00:22]} Qh4 {[%emt 0:01:06]} 22. f4 {[%emt 0:10:26]} Rad8 {[%emt 0:00:52]} 23. Rf1 {[%emt 0:00:10]} c5 {[%emt 0:02:04]} 24. b3 {[%emt 0:03:19]} a5 {[%emt 0:05:47]} 25. Qc2 {[%emt 0:01:21]} Qe7 {[%emt 0:05:48]} 26. Bb5 {[%emt 0:02:01]} Nc7 {[%emt 0:04:32]} 27. Bc4 {[%emt 0:00:23]} Nbd5 {[%emt 0:07:46]} 28. Bd2 {[%emt 0:01:15]} b6 {[%emt 0:06:14]} 29. Rad1 {[%emt 0:01:16]} Bc8 {[%emt 0:04:53]} 30. Nc3 {[%emt 0:07:18]} Bb7 {[%emt 0:01:37]} 31. Nxd5 {[%emt 0:04:05]} Nxd5 {[%emt 0:01:25]} 32. Bc1 {[%emt 0:02:21]} Bc6 {[%emt 0:07:16]} 33. Kh2 {[%emt 0:05:43]} h6 {[%emt 0:05:36]} 34. Rd3 {[%emt 0:14:30]} b5 {[%emt 0:00:44]} 35. Bxd5 {[%emt 0:00:13]} Bxd5 {[%emt 0:00:33]} 36. Rc3 {[%emt 0:04:19]} Be4 {[%emt 0:01:59]} 37. Qf2 {[%emt 0:00:18]} c4 38. bxc4 {[%emt 0:00:17]} bxc4 {[%emt 0:04:23]} 39. Be3 {[%emt 0:00:03]} Rc8 {[%emt 0:04:17]} 40. Bb6 {[%emt 0:00:32]} a4 {[%emt 0:00:32]} 41. Ba5 {[%emt 0:00:09]} Qe6 {[%emt 0:00:50]} 42. Rd1 {[%emt 0:08:49]} Bd3 {[%emt 0:01:14]} 43. Qd4 {[%emt 0:02:28]} Rc6 {[%emt 0:09:54]} 44. Bb4 {[%emt 0:00:33]} Rfc8 {[%emt 0:00:23]} 45. Rd2 {[%emt 0:00:16]} Kh7 {[%emt 0:00:25]} 46. Bd6 {[%emt 0:02:29]} Ra6 {[%emt 0:00:33]} 47. Rb2 {[%emt 0:03:52]} Ra5 48. Rb7 {[%emt 0:01:25]} Qd5 {[%emt 0:01:28]} 49. Qxd5 {[%emt 0:04:11]} Rxd5 {[%emt 0:00:01]} 50. Ra7 {[%emt 0:00:02]} Rd4 {[%emt 0:00:23]} 51. Rxa4 {[%emt 0:00:11]} Re4 {[%emt 0:01:42]} 52. Rb4 {[%emt 0:04:35]} Re8 {[%emt 0:01:01]} 53. h4 {[%emt 0:03:10]} Kg6 {[%emt 0:02:01]} 54. Bc5 {[%emt 0:01:52]} Kh5 {[%emt 0:00:14]} 55. Kh3 {[%emt 0:01:04]} Rxf4 {[%emt 0:00:22]} 56. g3 {[%emt 0:01:01]} Re4 {[%emt 0:00:14]} 57. Rb2 {[%emt 0:01:42]} R8xe5 {[%emt 0:00:47]} 58. Bd6 {[%emt 0:01:08]} Re6 {[%emt 0:00:08]} 59. Bf4 {[%emt 0:00:33]} g5 {[%emt 0:00:56]} 60. hxg5 {[%emt 0:00:02]} hxg5 {[%emt 0:00:06]} 61. Bc1 {[%emt 0:01:09]} Re2 {[%emt 0:00:19]} 62. Rxe2 {[%emt 0:00:05]} Rxe2 {[%emt 0:00:01]} 63. a4 {[%emt 0:00:50]} g4# {[%emt 0:00:03]} 0-1

[Event "Commonwealth Open 2019"]
[Site "Delhi"]
[Date "2019.07.01"]
[Round "3.19"]
[White "Saurabh, Anand"]
[Black "Sa, Kannan"]
[Result "0-1"]
[WhiteElo "2351"]
[BlackElo "1947"]
[Annotator "NA"]
[PlyCount "49"]
[EventDate "2019.06.30"]
[EventType "swiss"]
[EventCountry "IND"]
[SourceTitle "playchess.com"]
[Source "ChessBase"]
[SourceQuality "1"]
[TimeControl "5400+30"]

1. e4 {[%emt 0:00:00]} e6 {[%emt 0:00:16]} 2. d4 {[%emt 0:00:04]} b6 {[%emt 0:00:02]} 3. Nf3 {[%emt 0:01:32]} Bb7 {[%emt 0:00:08]} 4. Bd3 {[%emt 0:00:05]} Nf6 {[%emt 0:01:10]} 5. Qe2 {[%emt 0:00:08]} c5 {[%emt 0:01:10]} 6. c3 {[%emt 0:04:08]} cxd4 {[%emt 0:07:17]} 7. cxd4 {[%emt 0:01:49]} Nc6 {[%emt 0:01:20]} 8. a3 {[%emt 0:04:50]} d5 {[%emt 0:07:24]} 9. e5 {[%emt 0:00:16]} Ne4 {[%emt 0:02:47]} 10. O-O {[%emt 0:07:25]} Be7 {[%emt 0:05:11]} 11. Bxe4 {[%emt 0:03:44]} dxe4 {[%emt 0:00:22]} 12. Qxe4 {[%emt 0:00:08]} Qd7 {[%emt 0:03:15]} 13. Nc3 {[%emt 0:02:35]} O-O-O {[%emt 0:09:34]} 14. Rd1 {[%emt 0:01:10]} g5 {[%emt 0:06:48]} (14... Kb8 $14) 15. d5 {[%emt 0:06:06]} ({But not} 15. Bxg5 $6 Bxg5 16. Nxg5 Nxd4 $14) 15... Na5 {[%emt 0:01:21]} 16. Qc2 $16 {[%emt 0:01:55]} ({Much less strong is} 16. Nxg5 $6 exd5) (16. Bxg5 $18 Bxg5 17. Nxg5) 16... exd5 {[%emt 0:01:53]} 17. Nxg5 {[%emt 0:07:30]} Qc6 {[%emt 0:08:14]} 18. Qf5+ {[%emt 0:08:08]} Kb8 {[%emt 0:01:41]} 19. Ne2 {[%emt 0:06:54]} d4 {[%emt 0:01:57]} 20. Nf3 {[%emt 0:00:32]} Nb3 {[%emt 0:01:51]} 21. Rb1 {[%emt 0:01:29]} d3 {[%emt 0:05:16]} 22. Nf4 {[%emt 0:06:06]} Rhg8 {[%emt 0:06:09]} 23. Kf1 {[%emt 0:02:26]} d2 {[%emt 0:08:40]} 24. Nxd2 {[%emt 0:03:28]} Rxg2 {[%emt 0:07:22]} 25. Ke2 0-1

[Event "Commonwealth Open 2019"]
[Site "Delhi"]
[Date "2019.07.01"]
[Round "3.20"]
[White "Sanskriti, Goyal"]
[Black "Navalgund, Niranjan"]
[Result "0-1"]
[WhiteElo "1951"]
[BlackElo "2326"]
[Annotator "NA"]
[PlyCount "50"]
[EventDate "2019.06.30"]
[EventType "swiss"]
[EventCountry "IND"]
[SourceTitle "playchess.com"]
[Source "ChessBase"]
[SourceQuality "1"]
[TimeControl "5400+30"]

1. d4 {[%emt 0:08:33]} Nf6 {[%emt 0:00:23]} 2. c4 {[%emt 0:00:07]} Nc6 {[%emt 0:00:03]} 3. Nc3 {[%emt 0:00:50]} e5 {[%emt 0:00:03]} 4. d5 {[%emt 0:05:56]} Ne7 {[%emt 0:00:03]} 5. Nf3 {[%emt 0:04:07]} Ng6 {[%emt 0:00:05]} 6. e3 {[%emt 0:08:39]} Bc5 {[%emt 0:03:13]} 7. Bd3 {[%emt 0:06:24]} d6 {[%emt 0:00:21]} 8. a3 {[%emt 0:09:28]} a6 {[%emt 0:00:08]} 9. O-O {[%emt 0:04:08]} Ba7 {[%emt 0:03:52]} 10. h3 {[%emt 0:04:53]} Qe7 {[%emt 0:02:24]} 11. Bc2 {[%emt 0:01:41]} O-O {[%emt 0:03:45]} 12. b4 {[%emt 0:02:47]} Ne8 {[%emt 0:02:57]} 13. Ne2 {[%emt 0:05:16]} f5 {[%emt 0:04:15]} 14. Kh1 {[%emt 0:02:47]} Kh8 {[%emt 0:05:55]} 15. a4 {[%emt 0:03:54]} c6 {[%emt 0:07:44]} 16. a5 {[%emt 0:03:07]} cxd5 {[%emt 0:10:05]} 17. cxd5 {[%emt 0:00:01]} Nc7 {[%emt 0:01:19]} 18. Bb2 {[%emt 0:01:49]} e4 {[%emt 0:04:21]} 19. Ne1 {[%emt 0:03:53]} f4 {[%emt 0:05:05]} 20. exf4 {[%emt 0:00:33]} Nxf4 {[%emt 0:00:16]} 21. Bb3 {[%emt 0:02:30]} Nxh3 {[%emt 0:10:48]} 22. gxh3 {[%emt 0:01:04]} Qh4 {[%emt 0:01:01]} 23. Bd4 {[%emt 0:06:24]} Qxh3+ {[%emt 0:04:01]} 24. Kg1 {[%emt 0:00:05]} Bg4 {[%emt 0:01:30]} 25. f4 {[%emt 0:04:20]} Bxe2 {[%emt 0:00:48]} 0-1

[Event "Commonwealth Open 2019"]
[Site "Delhi"]
[Date "2019.07.01"]
[Round "3.21"]
[White "Wagh, Suyog"]
[Black "Ashwin, Hariharan"]
[Result "1-0"]
[WhiteElo "2250"]
[BlackElo "1882"]
[Annotator "NA"]
[PlyCount "85"]
[EventDate "2019.06.30"]
[EventType "swiss"]
[EventCountry "IND"]
[SourceTitle "playchess.com"]
[Source "ChessBase"]
[SourceQuality "1"]
[TimeControl "5400+30"]

1. c4 {[%emt 0:00:11]} e5 {[%emt 0:05:37]} 2. Nc3 {[%emt 0:01:57]} Nc6 {[%emt 0:02:08]} 3. Nf3 {[%emt 0:02:17]} Bb4 {[%emt 0:01:34]} 4. Qc2 {[%emt 0:04:04]} a5 {[%emt 0:02:05]} 5. e3 {[%emt 0:02:54]} d6 {[%emt 0:02:14]} 6. Be2 {[%emt 0:04:31]} Nge7 {[%emt 0:07:43]} 7. O-O {[%emt 0:00:50]} Bf5 {[%emt 0:06:07]} 8. d3 {[%emt 0:00:22]} O-O {[%emt 0:00:45]} 9. b3 {[%emt 0:01:29]} Bg6 {[%emt 0:04:22]} 10. Bb2 {[%emt 0:21:07]} d5 {[%emt 0:18:50]} 11. cxd5 {[%emt 0:10:19]} Nxd5 {[%emt 0:00:01]} 12. Nxd5 {[%emt 0:02:35]} Qxd5 {[%emt 0:00:12]} 13. Nh4 {[%emt 0:00:06]} Rfd8 {[%emt 0:09:09]} 14. Nxg6 {[%emt 0:00:58]} hxg6 {[%emt 0:00:01]} 15. a3 {[%emt 0:00:06]} Be7 {[%emt 0:01:39]} 16. Rac1 {[%emt 0:00:11]} Qe6 {[%emt 0:02:44]} 17. Rfd1 {[%emt 0:13:06]} Bf6 {[%emt 0:01:44]} 18. Bf3 {[%emt 0:04:35]} Ra6 {[%emt 0:01:29]} 19. Rb1 {[%emt 0:02:48]} Rb6 {[%emt 0:02:09]} 20. Bc3 {[%emt 0:02:18]} Be7 {[%emt 0:04:25]} 21. d4 {[%emt 0:03:34]} exd4 {[%emt 0:11:16]} 22. exd4 {[%emt 0:00:08]} Rb5 {[%emt 0:05:06]} 23. d5 {[%emt 0:03:03]} Rbxd5 {[%emt 0:00:01]} 24. Bxd5 {[%emt 0:00:59]} Rxd5 {[%emt 0:00:02]} 25. Rxd5 {[%emt 0:01:05]} Qxd5 {[%emt 0:00:01]} 26. Bb2 {[%emt 0:02:22]} Bd6 {[%emt 0:02:17]} 27. Re1 {[%emt 0:00:16]} Ne5 {[%emt 0:02:29]} 28. Rd1 {[%emt 0:07:18]} Qe6 {[%emt 0:02:07]} 29. h3 {[%emt 0:02:58]} b6 {[%emt 0:01:35]} 30. Qe2 {[%emt 0:02:27]} Qf5 {[%emt 0:01:29]} 31. Bxe5 {[%emt 0:01:26]} Bxe5 {[%emt 0:01:07]} 32. a4 {[%emt 0:00:50]} Bd6 {[%emt 0:01:09]} 33. Rd3 {[%emt 0:00:45]} Qf4 {[%emt 0:01:18]} 34. g3 {[%emt 0:00:13]} Qf5 {[%emt 0:00:36]} 35. Kg2 {[%emt 0:00:06]} g5 {[%emt 0:00:46]} 36. Qe8+ {[%emt 0:00:41]} Bf8 {[%emt 0:00:32]} 37. Rd8 {[%emt 0:01:10]} Qc5 {[%emt 0:00:01]} 38. Qd7 {[%emt 0:00:21]} Qb4 {[%emt 0:01:30]} 39. Qxc7 {[%emt 0:00:31]} Qe4+ {[%emt 0:00:35]} 40. Kh2 {[%emt 0:00:06]} g4 {[%emt 0:00:26]} 41. Qd6 {[%emt 0:01:33]} Qf3 {[%emt 0:00:34]} 42. Rxf8+ {[%emt 0:00:31]} Kh7 {[%emt 0:00:26]} 43. Qf4 {[%emt 0:00:07]} 1-0